| 000 | 00705nam a2200253Ia 4500 | ||
|---|---|---|---|
| 003 | OSt | ||
| 005 | 20220924130945.0 | ||
| 006 | a|||||r|||| 00| 0 | ||
| 007 | ta | ||
| 008 | 220923b |||||||| |||| 00| 0 san d | ||
| 024 | _a41109 | ||
| 037 | _cTextual | ||
| 040 |
_aARTS _cARTS _bsan |
||
| 041 |
_2san _asan |
||
| 082 | _aO15,1A2:g(Y), 111L6 | ||
| 100 | _aBanerji S C | ||
| 245 | 0 | _aIndian society in the Mahabharata | |
| 260 |
_aVaranasi _bBharata Mansiha India _c1976 |
||
| 300 |
_a376p. _ccm. |
||
| 490 | _aBharata Manisha Research series; 7 | ||
| 650 | _aSANSKRIT LITERATURE | ||
| 942 |
_hO15,1A2:g(Y), 111L6 _cTEXL _2CC |
||
| 999 |
_c425758 _d425758 |
||